Náš život pod pěti kruhy /

Hlavní autor: Zátopková, Dana, 1922-2020
Další autoři: Zátopek, Emil, 1922-2000, Zátopková, Dana, 1922-2020.
Jazyk: Čeština
Vydáno: Praha : Academia, 2016
Vydání: Vydání první
Témata:
Fyzický popis: 597 stran : ilustrace, portréty ; 25 cm
Knihy
Uloženo v:
LEADER 02514nam a2200649 i 4500
001 nkc20162781433
003 CZ PrNK
005 20200316094131.0
007 ta
008 160517s2016 xr ac e 000 0acze
015 |a cnb002781433 
020 |a 978-80-200-2599-9  |q (vázáno) 
035 |a (OCoLC)956488218 
040 |a ABA001  |b cze  |d BOA001  |e rda 
043 |a e-xr--- 
045 |a x-x- 
072 7 |a 796  |x Sport. Hry. Tělesná cvičení  |2 Konspekt  |9 20 
072 7 |a 929  |x Biografie  |2 Konspekt  |9 8 
080 |a 796.433.2.071.2-055.2  |2 MRF 
080 |a 796.422.071.2  |2 MRF 
080 |a 929  |2 MRF 
080 |a 796.42/.43  |2 MRF 
080 |a 796.032.2  |2 MRF 
080 |a (437.3)  |2 MRF 
080 |a (437)  |2 MRF 
080 |a (0:82-94)  |2 MRF 
100 1 |a Zátopková, Dana,  |d 1922-2020  |7 jk01152199  |4 aut 
245 1 0 |a Náš život pod pěti kruhy /  |c Dana a Emil Zátopkovi 
250 |a Vydání první 
264 1 |a Praha :  |b Academia,  |c 2016 
300 |a 597 stran :  |b ilustrace, portréty ;  |c 25 cm 
336 |a text  |b txt  |2 rdacontent 
336 |a statický obraz  |b sti  |2 rdacontent 
337 |a bez média  |b n  |2 rdamedia 
338 |a svazek  |b nc  |2 rdacarrier 
500 |a Chronologické přehledy 
600 1 7 |a Zátopková, Dana,  |d 1922-2020  |7 jk01152199  |2 czenas 
600 1 7 |a Zátopek, Emil,  |d 1922-2000  |7 jk01152198  |2 czenas 
648 7 |a 20. století  |7 ch460558  |2 czenas 
650 0 7 |a oštěpařky  |7 ph568752  |z Česko  |y 20. století  |2 czenas 
650 0 7 |a běžci  |7 ph384523  |z Česko  |y 20. století  |2 czenas 
650 0 7 |a atletika  |7 ph114091  |z Československo  |2 czenas 
650 0 7 |a olympijské hry  |7 ph115588  |y 20. století  |2 czenas 
650 0 9 |a women javelin throwers  |z Czechia  |y 20th century  |2 eczenas 
650 0 9 |a runners  |z Czechia  |y 20th century  |2 eczenas 
650 0 9 |a athletics  |z Czechoslovakia  |2 eczenas 
650 0 9 |a Olympic Games  |y 20th century  |2 eczenas 
655 7 |a autobiografické vzpomínky  |7 fd131854  |2 czenas 
655 9 |a autobiographical reminiscences  |2 eczenas 
700 1 |a Zátopek, Emil,  |d 1922-2000  |7 jk01152198  |4 aut 
700 1 |i Přepracované a rozšířené vydání z roku 1960:  |a Zátopková, Dana,  |d 1922-2020.  |t Dana a Emil Zátopkovi vypravují 
910 2 |a BOA001  |b 2-1371.153 
990 |a BK 
995 |a 01 
991 |b 201607  |c NOV 
996 6 |b 2610675505  |c 2-1371.153  |l MZK  |r Sklad / do 1 hodiny  |n 2  |p p.v.  |w 001568050  |u 000010  |a 1  |e BOA001  |j MZK50  |s P 
996 7 |b 2610676940  |c 2-1371.153  |l Vol.výběr  |r VV 1p  |n 11  |p kup  |h 796.4 ZÁT  |w 001568050  |u 000020  |a 0  |e BOA001  |j MZK50  |s A